00000000nam##2200000za#4500
0019.699891
003CaOODSP
00520210625000603
007cr |||||||||||
008150407|1976||||xxc|||||o    f|0| 0 eng|d
040 |aCaOODSP|beng
043 |an-cn---
0861 |aW31-30/1976E-PDF
1101 |aCanada. |bPublic Works and Government Services Canada.
24510|aReport of the Advisory Commission on Parliamentary Accommodation / |h[electronic resource]|cThe Honourable D.C. Abbott, P.C., Q.C., chairman.
260 |aOttawa - Ontario : |bPublic Works and Government Services Canada |cNovember 1976.
300 |a132p.|bfigs., graphs, map, tables
500 |aHistorical publication digitized in 2012 by the Privy Council Office of Canada.
504 |aBibliography.
590 |a15-04-Supp|b2015-03-19
69007|aCommissions of inquiry|2gcpds
69007|aParliament|2gcpds
69007|aProperty management|2gcpds
77508|tRapport de la Commission consultative des locaux parlementaires / |w(CaOODSP)9.643845
85640|ahttp://publications.gc.ca|qPDF|s5.48 MB|uhttps://publications.gc.ca/collections/collection_2014/tpsgc-pwgsc/W31-30-1976-eng.pdf